| 000 | 00400nam a2200121Ia 4500 | ||
|---|---|---|---|
| 008 | 220512s9999 xx 000 0 eng d | ||
| 100 | _aVisari, Leela | ||
| 245 | 0 |
_aAccess To Drugs In Public Health Facilities In Tamil Nadu / _cVisari, Leela |
|
| 260 |
_aAhemdabad : _bGujarat Institute Of Development Research, _cJun-08 |
||
| 500 | _aMaternal Health Project Paper 2 | ||
| 546 | _aEnglish | ||
| 942 | _cPR | ||
| 999 |
_c36495 _d36495 |
||